Malaysian Research and Development Classification System (Record no. 3472)

000 -LEADER
fixed length control field nam a22 a 4500
003 - CONTROL NUMBER IDENTIFIER
control field AKMAL
005 - DATE AND TIME OF LATEST TRANSACTION
control field 20170523092033.0
008 - FIXED-LENGTH DATA ELEMENTS--GENERAL INFORMATION
fixed length control field 170523t20112011my e o000 0 eng d
020 ## - INTERNATIONAL STANDARD BOOK NUMBER
International Standard Book Number 9771394432005
Qualifying information paperback
Terms of availability RM
022 ## - INTERNATIONAL STANDARD SERIAL NUMBER
International Standard Serial Number 1394-4320
040 ## - CATALOGING SOURCE
Original cataloging agency AKMAL
Transcribing agency AKMAL
082 04 - DEWEY DECIMAL CLASSIFICATION NUMBER
Classification number 658.5701209595 MAL
Edition number 23
090 ## - LOCALLY ASSIGNED LC-TYPE CALL NUMBER (OCLC); LOCAL CALL NUMBER (RLIN)
Classification number (OCLC) (R) ; Classification number, CALL (RLIN) (NR) 658.5701209595
Local cutter number (OCLC) ; Book number/undivided call number, CALL (RLIN) MAL
245 00 - TITLE STATEMENT
Title Malaysian Research and Development Classification System
250 ## - EDITION STATEMENT
Edition statement 6th Edition
264 #1 - PRODUCTION, PUBLICATION, DISTRIBUTION, MANUFACTURE, AND COPYRIGHT NOTICE
Place of production, publication, distribution, manufacture Putrajaya :
Name of producer, publisher, distributor, manufacturer Malaysian Science and Technology Information Centre (MASTIC), Ministry of Science, Technology and Innovation (MOSTI),
Date of production, publication, distribution, manufacture, or copyright notice 2011
264 #4 - PRODUCTION, PUBLICATION, DISTRIBUTION, MANUFACTURE, AND COPYRIGHT NOTICE
Date of production, publication, distribution, manufacture, or copyright notice ©2011
300 ## - PHYSICAL DESCRIPTION
Extent iii, 159 pages ;
Dimensions 21 cm
650 10 - SUBJECT ADDED ENTRY--TOPICAL TERM
Topical term or geographic name entry element Research
Geographic subdivision Malaysia
Form subdivision Classification
9 (RLIN) 6970
650 20 - SUBJECT ADDED ENTRY--TOPICAL TERM
Topical term or geographic name entry element Science
Geographic subdivision Malaysia
Form subdivision Classification
9 (RLIN) 6971
650 20 - SUBJECT ADDED ENTRY--TOPICAL TERM
Topical term or geographic name entry element Technology
Geographic subdivision Malaysia
Form subdivision Classification
9 (RLIN) 6972
710 1# - ADDED ENTRY--CORPORATE NAME
Corporate name or jurisdiction name as entry element Malaysia.
Subordinate unit Kementerian Sains, Teknologi dan Inovasi,
Relator term issuing body.
9 (RLIN) 6973
942 ## - ADDED ENTRY ELEMENTS (KOHA)
Source of classification or shelving scheme
Koha item type Book
Holdings
Withdrawn status Lost status Source of classification or shelving scheme Damaged status Not for loan Collection code Home library Current library Shelving location Date acquired Inventory number Total Checkouts Full call number Barcode Date last seen Price effective from Koha item type
          NON-FICTION AKMAL Melaka AKMAL Melaka PINJAMAN 23.05.2017 602708   658.5701209595 MAL 201704567 23.05.2017 23.05.2017 Book
Pusat Sumber Maklumat Dato' Haji Sarmin Md Hussin, Akademi Kastam Diraja Malaysia, Melaka
Tel: 06-2331106 | Faks: 06-2313787